Porovnanie verejného zdravotného poistenia na Slovensku a vo vybranej krajine EÚ bakalárska práca

Saved in:
Bibliographic Details
Main Author: Kuchtiaková, Katarína
Corporate Author: Národohospodárska fakulta EU. Katedra poisťovníctva
Other Authors: Gajdošová, Zuzana, 1988-
Format: Book
Language:Slovak
Published: Bratislava 2023
Tags: Add Tag
No Tags, Be the first to tag this record!

MARC

LEADER 00000nbm a2200000 4500
001 0294651
005 20231130124729.4
041 0 |a slo 
044 |a SK 
245 1 0 |a Porovnanie verejného zdravotného poistenia na Slovensku a vo vybranej krajine EÚ  |b bakalárska práca  |c Katarína Kuchtiaková ; školiteľ: Zuzana Gajdošová 
264 1 |a Bratislava  |c 2023 
300 |a 46 s. 
100 1 |a Kuchtiaková, Katarína 
700 1 |a Gajdošová, Zuzana, 1988- 
710 2 |a Národohospodárska fakulta EU. Katedra poisťovníctva